00549nam a2200193 a 4500001001300000003000900013005001700022008004100039020001000080082001800090100002100108245008100129260003500210300000900245500003500254650003300289650001200322700002100334nice12345678IN_TiNIC20260116014748.0070320s2002 newa grp 000 0 eng  ac25000a294.5514bSAN aSantideva, Sadhu aTantric Healingb The Power of Physical, Psychological and Spiritual Healing aNew Delhi bIndigo Book c2002 a238p aincludes index and biblioraphy aHuman Rights-India Violation aTantric1 aSantideva, Sadhu